Responsabilitat civil del professorat
Descripción Física:
42 f : il. ; 30 cm
Colección:
Qüestions puntuals ; 1
MARC
| LEADER | 00000nam a2200000Ia 4500 | ||
|---|---|---|---|
| 001 | 10717 | ||
| 008 | 160829s1994 xx 000 0 cat d | ||
| 080 | |a FU-18-21 | ||
| 245 | |a Responsabilitat civil del professorat | ||
| 260 | |a Barcelona : |b Servei d'Ensenyament. Diputació de Barcelona, |c 1994 | ||
| 300 | |a 42 f : |b il. ; |c 30 cm | ||
| 490 | |a Qüestions puntuals ; 1 | ||
| 590 | |a Avant-títol a la coberta: Us podem informar sobre. | ||
| 590 | |a Textos en català i en castellà | ||
| 650 | |a Professors |x Responsabilitat civil |x Catalunya |9 21979 | ||
| 710 | 1 | |a Barcelona (Catalunya : Província). |b Servei d'Ensenyament |9 54959 | |
| 901 | |a Arxiu | ||
| 942 | |n 1 | ||
| 952 | |0 0 |1 0 |4 0 |6 FU1821 |7 1 |9 41976 |a Arxiu |b Arxiu |d 2016-12-01 |l 0 |o FU-18-21 |p 10717 |r 2016-12-01 00:00:00 |w 2016-12-01 |y ARXIU | ||
| 999 | |c 44423 |d 44423 | ||